Statistics for British Geography by Letter - C

Click here to take the quiz!

General Stats

  • This quiz has been taken 253 times
  • The average score is 13 of 20

Answer Stats

HintAnswer% Correct
Nation's second-oldest universityCambridge
99%
Capital of WalesCardiff
98%
Tunnel connecting the UK
with France
{Channel}
Tunnel
97%
The Archbishop of this city heads
the Church of England
Canterbury
91%
London area with namesake of one
of city's main football clubs
Chelsea
88%
One of London's two financial centres{Canary} Wharf
77%
Sea in which Montserrat is locatedCaribbean Sea
77%
Name of "Wales" in WelshCymru
76%
Counter-part of the Turks IslandsCaicos Islands
71%
Celtic county in EnglandCornwall
71%
English county where Lake District isCumbria
69%
Bay on the west coast of Wales
(hint: type of knitted garment)
{Cardigan} Bay
68%
River on which Glasgow liesClyde
68%
Ancient Roman name for ScotlandCaledonia
59%
Country Akrotiri and Dhekelia borderCyprus
58%
Sea in which the Isles of Scilly lieCeltic Sea
46%
Archipelago located south of CubaCayman Islands
43%
19th century nickname of Manchester{Cotton}polis
40%
You might see a don punting down
in this river in Oxford
Cherwell
10%
Welsh town at which King Arthur
supposedly had his court
Caerleon
6%

Score Distribution

Percentile by Number Answered

Percent of People with Each Score

Your Score History

You have not taken this quiz